000 00329 a2200157 4500
001 73674
020 _a8588543-14-1
040 _cAnchieta - Colégio São Paulo
100 _aSoromenho, Castro
240 1 0 _aViragem
_lpor
245 1 0 _aViragem
300 _a189
362 0 _a0
650 4 _aFicção portuguesa
942 _cBK
999 _c73674
_d73674